Normovanie práce pracovných kolektívov

Salvato in:
Dettagli Bibliografici
Autore principale: Lederer, Karol
Natura: Libro
Lingua:slovacco
Pubblicazione: Bratislava Práca 1988
Edizione:1. vyd.
Tags: Aggiungi Tag
Nessun Tag, puoi essere il primo ad aggiungerne!!

MARC

LEADER 00000nam a2200000 4500
001 c033520
005 20221219091851.7
041 0 |a slo 
044 |a SK 
245 1 0 |a Normovanie práce pracovných kolektívov  |c Karol Lederer a kol. 
250 |a 1. vyd. 
264 1 |a Bratislava  |b Práca  |c 1988 
300 |a 151 s. 
100 1 |a Lederer, Karol